[Event "Titled Tuesday intern op 01st Apr Early"]
[Site "Chess.com INT"]
[Date "2025.04.01"]
[Round "3"]
[White "Kazakouski, Valery"]
[Black "Mateus, Alejandro"]
[Result "1-0"]
[WhiteElo "2551"]
[BlackElo "2237"]
[PlyCount "69"]
[EventDate "2025.04.01"]
[EventType "swiss (blitz)"]
[EventRounds "11"]
[EventCountry "USA"]
[SourceTitle "CB15_2025"]
[SourceDate "2025.04.09"]
[SourceVersion "1"]
[SourceVersionDate "2025.04.09"]
[SourceQuality "1"]

1. e4 c5 2. Nf3 d6 3. Bb5+ Nd7 4. a4 Ngf6 5. Nc3 g6 6. 0-0 Bg7 7. a5 a6 8. Bc4 0-0 9. d3 b5 10. axb6 Bb7 11. Bg5 Nxb6 12. Ba2 h6 13. Bf4 Kh7 14. h3 Ne8 15. Nd2 Nc7 16. Be3 Nb5 17. f4 Nxc3 18. bxc3 Bxc3 19. Rb1 Bc6 20. f5 Bg7 21. Bxf7 gxf5 22. Qh5 Rxf7 23. Qxf7 Be8 24. Qxf5+ Bg6 25. Qe6 a5 26. Nf3 Qd7 27. Qa2 Na4 28. Rb3 Nc3 29. Qa3 Ne2+ 30. Kf2 Nd4 31. Nxd4 cxd4 32. Bd2 Be5 33. Kg1 Rg8 34. Bf4 Bxe4 35. dxe4 1-0

[Event "Titled Tuesday intern op 01st Apr Early"]
[Site "Chess.com INT"]
[Date "2025.04.01"]
[Round "8"]
[White "Sahin, Sarp"]
[Black "Mateus, Alejandro"]
[Result "0-1"]
[WhiteElo "2142"]
[BlackElo "2237"]
[PlyCount "100"]
[EventDate "2025.04.01"]
[EventType "swiss (blitz)"]
[EventRounds "11"]
[EventCountry "USA"]
[SourceTitle "CB15_2025"]
[SourceDate "2025.04.09"]
[SourceVersion "1"]
[SourceVersionDate "2025.04.09"]
[SourceQuality "1"]

1. e4 c5 2. Nf3 d6 3. d4 cxd4 4. Nxd4 Nf6 5. Nc3 a6 6. Be3 Ng4 7. Bg5 h6 8. Bh4 g5 9. Bg3 Bg7 10. h3 Ne5 11. Nf5 Bxf5 12. exf5 Nbd7 13. Be2 Nf6 14. 0-0 0-0 15. Nd5 Nxd5 16. Qxd5 Qb6 17. Qb3 Qc5 18. c3 b5 19. a4 Rab8 20. axb5 axb5 21. Bxe5 Bxe5 22. Ra5 Bf6 23. Rxb5 Rxb5 24. Qxb5 Qxb5 25. Bxb5 Rb8 26. c4 Bxb2 27. Bc6 Bd4 28. Bd5 Rb2 29. g3 Kg7 30. Kg2 Kf6 31. g4 Rc2 32. Kf3 e6 33. fxe6 fxe6 34. Be4 Rxc4 35. Ke2 Bc5 36. Bd3 Ra4 37. Kf3 Ra3 38. Ke2 Ke5 39. Re1 Kf4 40. Rf1 Ra2+ 41. Ke1 Bb4+ 42. Kd1 Rd2+ 43. Kc1 Rxd3 44. f3 Rxf3 45. Rd1 e5 46. Kb2 Rxh3 47. Rc1 Bc3+ 48. Kc2 Kxg4 49. Rg1+ Rg3 50. Rf1 h5 0-1

[Event "Titled Tuesday intern op 25th Mar Early"]
[Site "Chess.com INT"]
[Date "2025.03.25"]
[Round "10"]
[White "Mateus, Alejandro"]
[Black "Grekh, Andrey"]
[Result "1-0"]
[WhiteElo "2237"]
[BlackElo "2394"]
[PlyCount "137"]
[EventDate "2025.03.25"]
[EventType "swiss (blitz)"]
[EventRounds "11"]
[EventCountry "USA"]
[SourceTitle "CB14_2025"]
[SourceDate "2024.11.01"]
[SourceVersion "1"]
[SourceVersionDate "2024.11.01"]
[SourceQuality "1"]

1. e4 c5 2. Nf3 e6 3. d4 cxd4 4. Nxd4 a6 5. Bd3 Bc5 6. Nb3 Ba7 7. Qe2 Nc6 8. Be3 Nge7 9. Bxa7 Rxa7 10. Nc3 b5 11. 0-0 0-0 12. f4 Nb4 13. e5 Nxd3 14. Qxd3 Qb6+ 15. Kh1 Nf5 16. Rfe1 d5 17. Rad1 Rc7 18. Nd4 Nxd4 19. Qxd4 Qxd4 20. Rxd4 Rc4 21. Red1 Bb7 22. R1d2 Rfc8 23. Rxc4 Rxc4 24. Ne2 Kf8 25. Kg1 Ke7 26. Kf2 f6 27. Nd4 Bc8 28. Ke3 Bd7 29. b3 Rc3+ 30. Rd3 Rc8 31. Kd2 Be8 32. Rh3 fxe5 33. fxe5 Bg6 34. Rg3 Rf8 35. Ke2 Rf4 36. Nf3 Re4+ 37. Kd2 Kd7 38. c3 a5 39. Ng5 Rxe5 40. Nxh7 Bf5 41. Rxg7+ Kd6 42. Ng5 Kc6 43. Nf7 Re4 44. Nd8+ Kd6 45. Nb7+ Ke5 46. Nxa5 Rf4 47. Nc6+ Kd6 48. Nd4 Rf2+ 49. Ke3 Rxa2 50. Nxb5+ Kc5 51. Nd4 Be4 52. Nxe6+ Kd6 53. Nd4 Ra1 54. Kf4 Rf1+ 55. Kg3 Rd1 56. Nf3 Rd3 57. h4 Rxc3 58. h5 Rxb3 59. h6 Rb8 60. Kh4 Rh8 61. Kg5 Ke6 62. Nd4+ Ke5 63. Ne2 d4 64. Ng3 d3 65. Re7+ Kd6 66. Rxe4 Kd5 67. Re1 d2 68. Rd1 Ke5 69. Rxd2 1-0

[Event "Titled Tuesday intern op 25th Mar Early"]
[Site "Chess.com INT"]
[Date "2025.03.25"]
[Round "3"]
[White "Mateus, Alejandro"]
[Black "Navoyan, Gagik"]
[Result "1-0"]
[WhiteElo "2237"]
[BlackElo "2152"]
[PlyCount "61"]
[EventDate "2025.03.25"]
[EventType "swiss (blitz)"]
[EventRounds "11"]
[EventCountry "USA"]
[SourceTitle "CB14_2025"]
[SourceDate "2024.11.01"]
[SourceVersion "1"]
[SourceVersionDate "2024.11.01"]
[SourceQuality "1"]

1. e4 e5 2. Nf3 Nc6 3. Bb5 a6 4. Ba4 Nf6 5. 0-0 Be7 6. Re1 b5 7. Bb3 0-0 8. c3 d5 9. exd5 Nxd5 10. Nxe5 Nxe5 11. Rxe5 Nf6 12. h3 Bd6 13. Re1 Ng4 14. Qf3 Qh4 15. d4 Nxf2 16. Re8 Bb7 17. Rxf8+ Rxf8 18. Qxf2 Bh2+ 19. Kf1 Bg3 20. Qe2 Bc6 21. Na3 Re8 22. Be3 Kh8 23. Nc2 f5 24. d5 Bd7 25. Qf3 f4 26. Bf2 Bf5 27. Re1 Rf8 28. Nd4 Bg6 29. Ne6 Re8 30. Nc5 Rf8 31. Nd7 1-0

[Event "Titled Tuesday intern op 25th Mar Early"]
[Site "Chess.com INT"]
[Date "2025.03.25"]
[Round "9"]
[White "Ocampos, Ian Guido"]
[Black "Mateus, Alejandro"]
[Result "1-0"]
[WhiteElo "2219"]
[BlackElo "2237"]
[PlyCount "55"]
[EventDate "2025.03.25"]
[EventType "swiss (blitz)"]
[EventRounds "11"]
[EventCountry "USA"]
[SourceTitle "CB14_2025"]
[SourceDate "2024.11.01"]
[SourceVersion "1"]
[SourceVersionDate "2024.11.01"]
[SourceQuality "1"]

1. e4 c5 2. d4 cxd4 3. c3 dxc3 4. Nxc3 e6 5. Bc4 Bb4 6. Nf3 Nc6 7. 0-0 Nce7 8. Qe2 Ng6 9. Rd1 a6 10. e5 Bxc3 11. bxc3 N8e7 12. a4 0-0 13. h4 Re8 14. h5 Nf8 15. Ba3 Nf5 16. Qe4 Rb8 17. g4 Nh4 18. Bd6 Ra8 19. a5 h6 20. Rd4 f5 21. gxf5 Nxf5 22. Qxf5 b5 23. Bb3 Bb7 24. Qd3 Nh7 25. Bc2 Nf8 26. Rf4 Bxf3 27. Rxf8+ Rxf8 28. Qh7+ 1-0

[Event "Titled Tuesday intern op 04th Mar Early"]
[Site "Chess.com INT"]
[Date "2025.03.04"]
[Round "8"]
[White "Garcia Molina, Jose"]
[Black "Mateus, Alejandro"]
[Result "0-1"]
[WhiteElo "2200"]
[BlackElo "2237"]
[PlyCount "104"]
[EventDate "2025.03.04"]
[EventType "swiss (blitz)"]
[EventRounds "11"]
[EventCountry "USA"]
[SourceTitle "CB11_2025"]
[SourceDate "2025.03.12"]
[SourceVersion "1"]
[SourceVersionDate "2025.03.12"]
[SourceQuality "1"]

1. Nc3 e5 2. e4 Nc6 3. Bc4 Nf6 4. d3 Bc5 5. Nge2 d6 6. 0-0 a6 7. a3 Be6 8. Kh1 Ng4 9. Bxe6 fxe6 10. d4 exd4 11. Nxd4 Qh4 12. Nf3 Qh5 13. Be3 Bxe3 14. fxe3 Nxe3 15. Qd3 Nxf1 16. Rxf1 0-0-0 17. Qc4 Rde8 18. b4 Rhf8 19. b5 Ne5 20. Qe2 Nxf3 21. gxf3 Qc5 22. Qd3 axb5 23. Nxb5 d5 24. Rb1 dxe4 25. Qxe4 c6 26. Nd4 Qd5 27. Qe3 e5 28. c4 Qxd4 29. Qb3 Qd7 30. Qa4 Kb8 31. Rb6 Rxf3 32. c5 Ref8 33. Rb1 Qd5 34. Kg1 Qd4+ 35. Qxd4 exd4 36. Rd1 d3 37. Rd2 g5 38. Kg2 g4 39. h3 h5 40. hxg4 hxg4 41. Rb2 g3 42. Rb4 d2 43. Rd4 Rf2+ 44. Kxg3 Kc7 45. a4 Re2 46. a5 Rd8 47. Rxd8 Kxd8 48. a6 bxa6 49. Kf3 d1Q 50. Kg3 Qf1 51. Kg4 Rg2+ 52. Kh5 Qh1# 0-1

[Event "Titled Tuesday intern op 04th Mar Early"]
[Site "Chess.com INT"]
[Date "2025.03.04"]
[Round "5"]
[White "Jimenez Salas, Maria Teresa"]
[Black "Mateus, Alejandro"]
[Result "0-1"]
[WhiteElo "2071"]
[BlackElo "2237"]
[PlyCount "54"]
[EventDate "2025.03.04"]
[EventType "swiss (blitz)"]
[EventRounds "11"]
[EventCountry "USA"]
[SourceTitle "CB11_2025"]
[SourceDate "2025.03.12"]
[SourceVersion "1"]
[SourceVersionDate "2025.03.12"]
[SourceQuality "1"]

1. e4 e5 2. Nf3 Nc6 3. d4 exd4 4. Nxd4 Bc5 5. Nb3 Bb6 6. Qe2 Nf6 7. e5 Nd5 8. c4 Ndb4 9. c5 Bxc5 10. a3 Na6 11. Qg4 Bf8 12. Nc3 d6 13. Qe4 Nc5 14. Nxc5 dxc5 15. Be3 Be7 16. Rd1 Bd7 17. Bd3 g6 18. Bh6 Bf8 19. Bxf8 Kxf8 20. 0-0 Kg7 21. Qf4 Nd4 22. Ne4 Bf5 23. Rfe1 b6 24. Nf6 Bxd3 25. Rxd3 Ne2+ 26. Rxe2 Qxd3 27. Qg4 Qd1+ 0-1

[Event "Titled Tuesday intern op 04th Mar Early"]
[Site "Chess.com INT"]
[Date "2025.03.04"]
[Round "9"]
[White "Mateus, Alejandro"]
[Black "Tabernilla, Tyrhhone James"]
[Result "1-0"]
[WhiteElo "2237"]
[BlackElo "2000"]
[PlyCount "103"]
[EventDate "2025.03.04"]
[EventType "swiss (blitz)"]
[EventRounds "11"]
[EventCountry "USA"]
[SourceTitle "CB11_2025"]
[SourceDate "2025.03.12"]
[SourceVersion "1"]
[SourceVersionDate "2025.03.12"]
[SourceQuality "1"]

1. e4 c5 2. Nf3 g6 3. d4 cxd4 4. Nxd4 Nc6 5. Nc3 Bg7 6. Nxc6 bxc6 7. Bc4 Nf6 8. e5 Ng8 9. Qf3 e6 10. Bf4 Ne7 11. 0-0 0-0 12. Bg3 Nf5 13. Rfe1 Rb8 14. Bb3 h5 15. Rad1 c5 16. Qd3 Qc7 17. Ne4 Nxg3 18. Qxg3 c4 19. Ba4 Qxe5 20. Nf6+ Qxf6 21. Qxb8 d5 22. b3 cxb3 23. Bxb3 a5 24. c4 d4 25. c5 e5 26. Qb6 Qg5 27. c6 Bg4 28. Bd5 Bxd1 29. Rxd1 Qd8 30. Qc5 Qc7 31. Rb1 Rb8 32. Rxb8+ Qxb8 33. g3 Bf8 34. Qc4 Bd6 35. Bxf7+ Kg7 36. Bd5 Qb1+ 37. Kg2 d3 38. c7 Bxc7 39. Qxc7+ Kh6 40. Qxe5 d2 41. Qf4+ Kg7 42. Qxd2 Qb5 43. Bf3 Qe5 44. a4 g5 45. Bc6 g4 46. Qd7+ Kh6 47. Qd5 Qe2 48. Qd6+ Kg7 49. Qd4+ Kg8 50. Bd5+ Kf8 51. Qf6+ Ke8 52. Bc6# 1-0

[Event "Titled Tuesday intern op 25th Feb Early"]
[Site "Chess.com INT"]
[Date "2025.02.25"]
[Round "4"]
[White "Mateus, Alejandro"]
[Black "Bolashakov, Nurali"]
[Result "1-0"]
[WhiteElo "2237"]
[BlackElo "2034"]
[PlyCount "53"]
[EventDate "2025.02.25"]
[EventType "swiss (blitz)"]
[EventRounds "11"]
[EventCountry "USA"]
[SourceTitle "CB10_2025"]
[SourceDate "2025.03.05"]
[SourceVersion "1"]
[SourceVersionDate "2025.03.05"]
[SourceQuality "1"]

1. e4 d6 2. d4 Nf6 3. Nc3 e5 4. Nf3 Nbd7 5. Be2 Be7 6. 0-0 0-0 7. Be3 c6 8. h3 a5 9. a4 h6 10. Qd2 Qc7 11. Rad1 Kh7 12. Nh2 exd4 13. Bxd4 Rd8 14. f4 Nf8 15. Be3 Be6 16. Qe1 Bd7 17. Qf2 Rdc8 18. Bb6 Rcb8 19. Bxc7 Rc8 20. Bxd6 Bxd6 21. Rxd6 Be6 22. f5 Bxf5 23. Qxf5+ g6 24. Qxf6 Nd7 25. Qxf7+ Kh8 26. Rxd7 Rf8 27. Qg7# 1-0

[Event "Titled Tuesday intern op 11th Feb Early"]
[Site "Chess.com INT"]
[Date "2025.02.11"]
[Round "3"]
[White "Bortnyk, Olexandr"]
[Black "Mateus, Alejandro"]
[Result "1-0"]
[WhiteElo "2601"]
[BlackElo "2237"]
[PlyCount "57"]
[EventDate "2025.02.11"]
[EventType "swiss (blitz)"]
[EventRounds "11"]
[EventCountry "USA"]
[SourceTitle "CB09_2025"]
[SourceDate "2025.02.27"]
[SourceVersion "1"]
[SourceVersionDate "2025.02.27"]
[SourceQuality "1"]

1. d4 Nf6 2. Nc3 d5 3. Bf4 g6 4. e3 Bg7 5. h4 h5 6. Nf3 0-0 7. Ne5 c5 8. f3 Nc6 9. Qd2 cxd4 10. exd4 Bf5 11. Bb5 Nb4 12. Ba4 Rc8 13. a3 Nc6 14. Bxc6 bxc6 15. Na4 Nd7 16. Nxd7 Bxd7 17. Nc5 Bf5 18. 0-0-0 Qb6 19. g4 hxg4 20. h5 g5 21. Bxg5 Rb8 22. b3 Kh7 23. fxg4 Bxg4 24. Rdg1 Bf5 25. h6 Bh8 26. Bxe7 Rg8 27. Rg7+ Rxg7 28. hxg7+ Kxg7 29. Qh6+ 1-0

[Event "Titled Tuesday intern op 11th Feb Early"]
[Site "Chess.com INT"]
[Date "2025.02.11"]
[Round "2"]
[White "Mateus, Alejandro"]
[Black "Erigaisi, Arjun Kumar"]
[Result "1/2-1/2"]
[WhiteElo "2237"]
[BlackElo "2801"]
[PlyCount "69"]
[EventDate "2025.02.11"]
[EventType "swiss (blitz)"]
[EventRounds "11"]
[EventCountry "USA"]
[SourceTitle "CB09_2025"]
[SourceDate "2025.02.27"]
[SourceVersion "1"]
[SourceVersionDate "2025.02.27"]
[SourceQuality "1"]

1. e4 c6 2. d4 d5 3. Nc3 dxe4 4. Nxe4 Nf6 5. Nxf6+ exf6 6. c3 Bd6 7. Bd3 0-0 8. Qc2 h5 9. Ne2 Na6 10. 0-0 Qc7 11. h3 c5 12. Be3 Re8 13. Rad1 Be6 14. Bb5 Re7 15. d5 Bd7 16. Bxd7 Qxd7 17. c4 Rae8 18. Rfe1 b5 19. cxb5 Qxb5 20. Nc3 Qc4 21. b3 Nb4 22. Qd2 Qh4 23. Nb5 Bf4 24. Bxf4 Rxe1+ 25. Rxe1 Rxe1+ 26. Qxe1 Qxf4 27. d6 a6 28. d7 Nc6 29. Na7 Nd8 30. Qe8+ Kh7 31. Qxd8 Qc1+ 32. Kh2 Qf4+ 33. Kg1 Qc1+ 34. Kh2 Qf4+ 35. Kg1 1/2-1/2

[Event "Titled Tuesday intern op 11th Feb Early"]
[Site "Chess.com INT"]
[Date "2025.02.11"]
[Round "1"]
[White "Mateus, Alejandro"]
[Black "Sasvatha, A."]
[Result "1-0"]
[WhiteElo "2237"]
[BlackElo "1760"]
[PlyCount "69"]
[EventDate "2025.02.11"]
[EventType "swiss (blitz)"]
[EventRounds "11"]
[EventCountry "USA"]
[SourceTitle "CB09_2025"]
[SourceDate "2025.02.27"]
[SourceVersion "1"]
[SourceVersionDate "2025.02.27"]
[SourceQuality "1"]

1. e4 c6 2. d4 d5 3. Nc3 a6 4. Nf3 Bg4 5. h3 Bh5 6. Be2 e6 7. 0-0 Nf6 8. exd5 cxd5 9. Bf4 Nc6 10. Ne5 Bxe2 11. Nxe2 Bd6 12. Nxc6 bxc6 13. Bxd6 Qxd6 14. c3 0-0 15. Qd2 c5 16. dxc5 Qxc5 17. Nd4 h6 18. Nb3 Qc7 19. Qe3 Rfb8 20. Rab1 Rb7 21. Nd2 Rab8 22. b4 Qb6 23. Qe2 Qc6 24. Rfc1 Qa4 25. Nb3 a5 26. Nc5 Qb5 27. c4 Qxc5 28. bxc5 Rxb1 29. Rxb1 Rxb1+ 30. Kh2 Rc1 31. c6 Ne4 32. c7 Nd6 33. Qe5 Nc8 34. Qb2 Rxc4 35. Qb8 1-0

[Event "Spilimbergo op 21st"]
[Site "Spilimbergo"]
[Date "2023.08.14"]
[Round "8"]
[White "Stoettner, Lukas"]
[Black "Mateus, Alejandro"]
[Result "1-0"]
[WhiteElo "2066"]
[BlackElo "2292"]
[PlyCount "73"]
[EventDate "2023.08.09"]
[EventType "swiss"]
[EventRounds "9"]
[EventCountry "ITA"]
[SourceTitle "CBM 215 Extra"]
[Source "ChessBase"]
[SourceDate "2023.09.30"]
[SourceVersion "1"]
[SourceVersionDate "2023.09.30"]
[SourceQuality "1"]

1. Nf3 d5 2. e3 Nf6 3. c4 c6 4. b3 e6 5. Bb2 Nbd7 6. Be2 Bd6 7. d4 0-0 8. 0-0 b6 9. Nc3 Bb7 10. Re1 Qe7 11. cxd5 exd5 12. Bf1 Ne4 13. Nxe4 dxe4 14. Nd2 Rad8 15. Qc2 Nf6 16. g3 b5 17. Bg2 Rfe8 18. a3 Qe6 19. b4 h5 20. Nb3 Qd5 21. Nc5 Bc8 22. f3 exf3 23. e4 Qg5 24. Bxf3 h4 25. e5 Bxc5 26. dxc5 Nd5 27. Bc1 Qe7 28. Qf2 h3 29. Ra2 Be6 30. Rd2 Qc7 31. Rd4 Ne7 32. Rd6 Bd5 33. Bg5 Qc8 34. Bxd5 cxd5 35. Rf1 Rxd6 36. Qxf7+ Kh7 37. exd6 1-0

[Event "Spilimbergo op 21st"]
[Site "Spilimbergo"]
[Date "2023.08.12"]
[Round "6"]
[White "Razafindratsima, Timothe"]
[Black "Mateus, Alejandro"]
[Result "1-0"]
[WhiteElo "2451"]
[BlackElo "2292"]
[PlyCount "77"]
[EventDate "2023.08.09"]
[EventType "swiss"]
[EventRounds "9"]
[EventCountry "ITA"]
[SourceTitle "CBM 215 Extra"]
[Source "ChessBase"]
[SourceDate "2023.09.30"]
[SourceVersion "1"]
[SourceVersionDate "2023.09.30"]
[SourceQuality "1"]

1. e4 c5 2. Nf3 d6 3. d4 cxd4 4. Nxd4 Nf6 5. Bb5+ Nbd7 6. 0-0 a6 7. Bd3 g6 8. c4 Nc5 9. Nc3 Nxd3 10. Qxd3 Bg7 11. f3 0-0 12. Be3 Nd7 13. b3 Ne5 14. Qd2 Re8 15. Rac1 Bd7 16. Rfd1 Rb8 17. Nd5 b5 18. cxb5 axb5 19. h3 e6 20. Nc7 Rf8 21. f4 Nc4 22. bxc4 Qxc7 23. cxb5 Qb7 24. Nc6 Bxc6 25. bxc6 Qa6 26. Qxd6 Qxa2 27. c7 Rbc8 28. Qd7 Bb2 29. Rc5 Qb3 30. Rd3 Qb4 31. Rb5 Qe1+ 32. Kh2 Qe2 33. Rdb3 Kg7 34. Rb8 Rxb8 35. cxb8Q Rxb8 36. Rxb8 Qxe3 37. Rxb2 Qxf4+ 38. g3 Qxe4 39. Rf2 1-0

[Event "Belgrade Serbia op"]
[Site "Belgrade"]
[Date "2023.07.24"]
[Round "9"]
[White "Kim, Andrey"]
[Black "Mateus, Alejandro"]
[Result "1-0"]
[WhiteElo "2093"]
[BlackElo "2331"]
[PlyCount "95"]
[EventDate "2023.07.16"]
[EventType "swiss"]
[EventRounds "9"]
[EventCountry "SRB"]
[SourceTitle "CBM 215 Extra"]
[Source "ChessBase"]
[SourceDate "2023.09.30"]
[SourceVersion "1"]
[SourceVersionDate "2023.09.30"]
[SourceQuality "1"]

1. d4 d5 2. c4 c6 3. Nf3 Nf6 4. Nc3 e6 5. e3 Nbd7 6. Qc2 Bd6 7. b3 0-0 8. Be2 b6 9. 0-0 Bb7 10. Bb2 Qe7 11. Rad1 Rfe8 12. Rfe1 Rad8 13. Bf1 dxc4 14. bxc4 e5 15. g3 c5 16. d5 Bc8 17. Bh3 Nf8 18. Bxc8 Rxc8 19. Nh4 g6 20. e4 N8d7 21. Ng2 Red8 22. f4 Ne8 23. f5 f6 24. h4 a6 25. a4 Bc7 26. Qe2 Nd6 27. Ne3 Kh8 28. fxg6 hxg6 29. h5 Rg8 30. Kg2 Kg7 31. hxg6 Kxg6 32. Rh1 Kf7 33. Rh7+ Rg7 34. Qh5+ Kf8 35. Qh6 Qf7 36. Rh8+ Ke7 37. Rxc8 Rh7 38. Qxh7 Qxh7 39. Rxc7 Nxe4 40. d6+ Ke6 41. Rc8 Qg6 42. Nxe4 Qxe4+ 43. Kf2 f5 44. Re8+ Kf6 45. Ke2 Kg6 46. Re6+ Kh5 47. Rxe5 Nxe5 48. Bxe5 1-0

[Event "Belgrade Serbia op"]
[Site "Belgrade"]
[Date "2023.07.19"]
[Round "4"]
[White "Mateus, Alejandro"]
[Black "Loshkarev, Dmitri"]
[Result "1-0"]
[WhiteElo "2331"]
[BlackElo "1997"]
[PlyCount "49"]
[EventDate "2023.07.16"]
[EventType "swiss"]
[EventRounds "9"]
[EventCountry "SRB"]
[SourceTitle "CBM 215 Extra"]
[Source "ChessBase"]
[SourceDate "2023.09.30"]
[SourceVersion "1"]
[SourceVersionDate "2023.09.30"]
[SourceQuality "1"]

1. d4 d5 2. c4 dxc4 3. e4 Nf6 4. e5 Nd5 5. Bxc4 Nb6 6. Bb3 Nc6 7. Ne2 Bg4 8. f3 Bh5 9. Nf4 Bg6 10. Nxg6 hxg6 11. e6 fxe6 12. Qd3 Qd6 13. Qxg6+ Kd7 14. Nc3 Nxd4 15. Ne4 Qe5 16. Be3 Nxb3 17. axb3 Nd5 18. 0-0-0 b6 19. Rhe1 Qh5 20. Qg3 Qxh2 21. Qg4 c6 22. Ng5 Rh6 23. Rxd5+ cxd5 24. Qa4+ Kc8 25. Bf4 1-0

[Event "Belgrade Serbia op"]
[Site "Belgrade"]
[Date "2023.07.17"]
[Round "2"]
[White "Mateus, Alejandro"]
[Black "Granovskiy, Alexandr"]
[Result "1/2-1/2"]
[WhiteElo "2331"]
[BlackElo "2143"]
[PlyCount "102"]
[EventDate "2023.07.16"]
[EventType "swiss"]
[EventRounds "9"]
[EventCountry "SRB"]
[SourceTitle "CBM 215 Extra"]
[Source "ChessBase"]
[SourceDate "2023.09.30"]
[SourceVersion "1"]
[SourceVersionDate "2023.09.30"]
[SourceQuality "1"]

1. e4 e5 2. Nf3 Nc6 3. Bb5 a6 4. Ba4 d6 5. c4 Nf6 6. d4 Bd7 7. d5 Ne7 8. Bc2 b5 9. 0-0 bxc4 10. Nbd2 Ng6 11. Nxc4 Be7 12. Bd2 Bb5 13. Qe2 c5 14. a4 Nf4 15. Bxf4 Bxc4 16. Qxc4 exf4 17. e5 dxe5 18. Nxe5 0-0 19. Nc6 Qc7 20. Nxe7+ Qxe7 21. Qxf4 Nxd5 22. Bxh7+ Kxh7 23. Qf5+ Kg8 24. Qxd5 Rfd8 25. Qc4 Rd4 26. Qc2 Qd6 27. Rac1 Rd2 28. Qf5 Qd5 29. Rxc5 Qxf5 30. Rxf5 Rxb2 31. g3 a5 32. Rc1 g6 33. Rf4 Rb4 34. Rc5 Rxf4 35. gxf4 Rd8 36. Rxa5 Rd4 37. f5 gxf5 38. Kg2 Kg7 39. Ra6 Rg4+ 40. Kf3 Rh4 41. Kg3 Rg4+ 42. Kf3 Rh4 43. a5 Rxh2 44. Kg3 Rh1 45. Kf4 Rf1 46. f3 f6 47. Ra8 Kg6 48. Rg8+ Kf7 49. Ra8 Kg6 50. a6 Ra1 51. Ke3 Ra3+ 1/2-1/2

[Event "Titled Tuesday intern op 27th Jun Early"]
[Site "Chess.com INT"]
[Date "2023.06.27"]
[Round "2"]
[White "Mateus, Alejandro"]
[Black "Cherniaiev, Tykhon"]
[Result "0-1"]
[WhiteElo "2331"]
[BlackElo "2330"]
[PlyCount "60"]
[EventDate "2023.06.27"]
[EventType "swiss (blitz)"]
[EventRounds "11"]
[EventCountry "USA"]
[SourceTitle "EXT 2024"]
[Source "ChessBase"]
[SourceDate "2023.10.10"]
[SourceVersion "1"]
[SourceVersionDate "2023.10.10"]
[SourceQuality "1"]

1. e4 e5 2. Nf3 Nc6 3. Bb5 Nge7 4. 0-0 Ng6 5. d4 exd4 6. Nxd4 Nxd4 7. Qxd4 c6 8. Ba4 Qb6 9. Be3 Qxd4 10. Bxd4 b5 11. Bb3 Bb7 12. c4 c5 13. Bc3 b4 14. Bd2 Be7 15. Re1 0-0 16. a3 a5 17. f3 Bf6 18. Bc1 Ne5 19. Rd1 a4 20. Bc2 Nxc4 21. axb4 a3 22. Nxa3 cxb4 23. Nxc4 Rxa1 24. e5 Be7 25. b3 Bc5+ 26. Kf1 Re8 27. f4 Ba6 28. Bd3 f6 29. exf6 gxf6 30. Be2 Ra2 0-1